Ugama Islam dan kepercayaan tradisional dalam sebuah kariah di Selangor /
Saved in:
| Main Author: | |
|---|---|
| Format: | Thesis Book |
| Language: | Malay |
| Published: |
1970.
|
| Subjects: | |
| Tags: |
Add Tag
No Tags, Be the first to tag this record!
|
| LEADER | 01424cam a2200313 a 4500 | ||
|---|---|---|---|
| 001 | u157647 | ||
| 003 | SIRSI | ||
| 008 | 920430s1970 my a b t 00 1 may m | ||
| 035 | |a AAS-7565 | ||
| 040 | |a UMM | ||
| 043 | |a a-my-se | ||
| 090 | |a BP63 |b M2Mohao | ||
| 091 | |a Microfiche 6929. | ||
| 100 | 0 | 0 | |a Mohd. Aris Haji Othman, |d 1938- |
| 245 | 1 | 0 | |a Ugama Islam dan kepercayaan tradisional dalam sebuah kariah di Selangor / |c Mohd. Aris bin Hj. Othman. |
| 260 | |c 1970. | ||
| 300 | |a 304 leaves : |b illus., maps ; |c 29 cm. | ||
| 500 | |a Also available on microfiche. Kuala Lumpur : Perpustakaan Universiti Malaya, 1979. 6 fiches : negative ; 11x15 cm. | ||
| 502 | |a Dissertation (M.A.) -- Jabatan Pengajian Melayu, Universiti Malaya, 1970. | ||
| 504 | |a Bibliography: leaves 282-286. | ||
| 650 | 0 | |a Muslims |z Selangor | |
| 650 | 0 | |a Malays |x Religion. | |
| 650 | 0 | |a Malays |x Social life and customs. | |
| 948 | |a 30/04/1992 |b 25/11/2000 | ||
| 596 | |a 1 23 | ||
| 999 | |a BP63 M2MOHAO [F] |w LC |c 1 |i A002675136 |d 21/1/2000 |l STACKS |m P01UTAMA |n 11 |r Y |s Y |t TESIS |u 30/7/1992 | ||
| 999 | |a BP63 M2MOHAO [F] |w LC |c 2 |i A505795251 |d 20/3/2009 |e 20/3/2009 |l B_KOM4 |m P01UTAMA |n 7 |r Y |s Y |t TESIS |u 14/5/1996 |o .PUBLIC. BKOM 4 : 28346 | ||
| 999 | |a BP63 M2MOHAO [F] |w LC |c 3 |i A505724747 |d 21/10/2009 |e 21/10/2009 |l STACKS |m P01UTAMA |n 15 |r Y |s Y |t TESIS |u 18/5/1996 | ||
| 999 | |a BP63 M2MOHAO |w LC |c 1 |i A512858170 |d 18/4/2007 |f 18/4/2007 |g 1 |l STACKS |m P23MELAYU |r Y |s Y |t TESIS |u 17/4/2007 | ||
